| 000 | 00499 a2200193 4500 | ||
|---|---|---|---|
| 003 | Nust | ||
| 005 | 20170207153544.0 | ||
| 010 | _a67003018 | ||
| 020 | _a812391429X | ||
| 040 | _cNust | ||
| 082 | _a940.2 | ||
| 100 | _aDayal, Raghubir, | ||
| 245 |
_aA textbook of modern European history _cRaghubir Dayal, |
||
| 250 | _a2nd ed | ||
| 260 |
_aNew York, _bAsia Pub. House _c2007 |
||
| 300 |
_axv, 599 p _bmaps, _cgeneal. _e tables _f23 cm |
||
| 600 | _aDayal, Raghubir, | ||
| 650 | _aModern European history | ||
| 942 |
_2ddc _cBK |
||
| 999 |
_c188547 _d188547 |
||